000 00614nam a22002417a 4500
003 UA-OsUOA
001 20951
007 ta
008 20031107b un ||||| |||| 00| 0 ukr d
090 _a94 (477)
_bВ27
942 _cBK
040 _aUA-OsUOA
_bukr
_cUA-OsUOA
_dUA-OsUOA
245 _aВелика історія України
_bУ 2-х томах. - Том ІІ
_cУпор. М.Голубець
300 _a400 с.
955 _a0
041 _aukr
080 _a94 (477)
020 _a5-86248-017-х
260 _aКиїв
_bГлобус
_c1993
044 _aUA
650 7 _2UDC
999 _c307140
_d307140